| 000 | 00418nam a22001337a 4500 | ||
|---|---|---|---|
| 999 |
_c130569 _d130569 |
||
| 008 | 201028b ||||| |||| 00| 0 eng d | ||
| 050 | _aBX2350.2.M3147 | ||
| 100 |
_aMaloney, George A. _950049 |
||
| 245 |
_aIndwelling presence _cGeorge A. Maloney |
||
| 260 |
_aBangalore _bAsian Trading Corporation _c1987 |
||
| 300 |
_a114p. ; _c22cm. |
||
| 650 |
_aChristian life _xCatholic authors _950050 |
||
| 942 |
_2lcc _cMONOGRAPH |
||